Cuaderno financiero Gestione sus ingresos y gastos

Detalles Bibliográficos
Formato: eBook
Lenguaje:español
Publicado: Bogot:̀ Ediciones de la U, 2020
Materias:
Acceso en línea:Acceso restringido

MARC

LEADER 00000nam a22000007a 4500
005 20210702001845.0
007 cr|||| ||||
008 210702s2020 co |||||s|||| 00||0 spa d
020 |a 978-958-792-150-2 
035 |a 33448 
040 |a vLex 
090 |c 11825  |d 11825 
245 0 0 |a Cuaderno financiero  |h [Recurso electrn̤ico] :  |b Gestione sus ingresos y gastos 
256 |a Servicio en ln̕ea 
260 |a Bogot:̀  |b Ediciones de la U,  |c 2020 
300 |a 1 recurso electrn̤ico 
500 |a ¿Alguna vez ha llegado a fin de mes y se ha preguntado dn̤de ha ido a parar su dinero? Probablemente s,̕ e incluso ms̀ de una vez. Para poner a raya sus finanzas y no perder el control, comience por anotar sus ingresos y gastos de manera organizada. De este modo, ser ̀ms̀ fc̀il hacer cl̀culos, analizar sus patrones de consumo y tomar decisiones acertadas. Incluso es probable que se lleve alguna sorpresa: muchas personas no tienen ni idea de cuǹto gastan en ciertos artc̕ulos y, a veces, ver estos nm︢eros negro sobre blanco da pie a hacer cambios que les ayuden a optimizar los ingresos de que disponen. Con la ayuda de este Cuaderno financiero le ser ̀ms̀ fc̀il lograr este objetivo. Aqu ̕encontrar ̀una manera sencilla y efectiva de administrar sus finanzas y no perder la pista de su dinero. 
506 1 |a Disponible solo en los productos indicados  |d vLex Global  |d vLex Global (Academic Edition, excluding Law Schools)  |d vLex Global (U.S. Academic Edition, Law Schools)  |d vLex Global (U.S. Academic Edition, excluding Law Schools)  |d vLex Global (Academic Edition, Law Schools) 
650 0 4 |a Banca y finanzas  |z Colombia 
740 0 |a vLex Libros (Servicio en ln̕ea) 
856 4 0 |u https://vlex.com/source/cuaderno-financiero-gestione-sus-ingresos-y-gastos-33448  |z Acceso restringido 
942 |c BOOK 
999 0 |a Banking and finances